<?xml version="1.0" encoding="UTF-8"?>
<marc:record xmlns:marc="http://www.loc.gov/MARC21/slim">
   <marc:leader>00000nam a2200000 a 4500</marc:leader>
   <marc:datafield ind1="1" ind2=" " tag="100">
      <marc:subfield code="a">Thorn, Ines</marc:subfield>
      <marc:subfield code="4">aut</marc:subfield>
      <marc:subfield code="e">Verfasser/-in</marc:subfield>
   </marc:datafield>
   <marc:datafield ind1="0" ind2="0" tag="245">
      <marc:subfield code="a">Das Glück am Ende des Ozeans</marc:subfield>
   </marc:datafield>
   <marc:datafield ind1="0" ind2="0" tag="245">
      <marc:subfield code="b">Roman</marc:subfield>
   </marc:datafield>
   <marc:datafield ind1="0" ind2="0" tag="245">
      <marc:subfield code="c">Ines Thorn</marc:subfield>
   </marc:datafield>
   <marc:datafield ind1=" " ind2="1" tag="264">
      <marc:subfield code="a">Reinbek</marc:subfield>
      <marc:subfield code="b">Wunderlich</marc:subfield>
      <marc:subfield code="c">2016</marc:subfield>
   </marc:datafield>
   <marc:datafield ind1="1" ind2=" " tag="520">
      <marc:subfield code="a">Angaben aus der Verlagsmeldung

Das Glück am Ende des Ozeans Thorn, Das Glück am Ende des Ozeans / von Ines Thorn

Eine farbenprächtige Auswanderer-Saga über drei Frauen und ihren Weg zum Glück in Amerika.

Bremen, 1876: Drei Frauen gehen an Bord eines transatlantischen Dampfschiffes. Jede mit einem Traum im Herzen, jede in der Hoffnung auf ein besseres Leben. Während der Überfahrt nach New York werden sie zu Freundinnen. Als die schwangere Susanne während einer stürmischen Nacht in Not gerät, eilen ihr die anderen zu Hilfe. Danach ist nichts mehr, wie es war - und ihre Schicksale sind für immer verbunden.

Im Land der unbegrenzten Möglichkeiten angekommen, muss jede der Frauen lernen, dass man auch hier hart für seine Träume arbeiten muss. Dann taucht ein Fremder auf, der behauptet, ihr dunkles Geheimnis zu kennen. Und plötzlich steht alles, wofür sie gekämpft haben, auf dem Spiel …
</marc:subfield>
   </marc:datafield>
   <marc:datafield ind1=" " ind2=" " tag="020">
      <marc:subfield code="a">9783805250566</marc:subfield>
      <marc:subfield code="9">9783805250566</marc:subfield>
   </marc:datafield>
   <marc:datafield ind1=" " ind2=" " tag="020">
      <marc:subfield code="a">3805250568</marc:subfield>
      <marc:subfield code="9">3805250568</marc:subfield>
   </marc:datafield>
   <marc:datafield ind1=" " ind2=" " tag="300">
      <marc:subfield code="a">427 S.</marc:subfield>
   </marc:datafield>
</marc:record>
